000 00194 a2200097 4500
020 _a9788420738482
041 _aspa
100 _aNick Butterworth
245 _aMi Mama es Fastastica
942 _cK
999 _c31329
_d31327